The Spain Quiz - Statistics

General Stats
  • This quiz has been taken 391 times
    358 since last reset
  • The average score is 7 of 10
Answer Stats
Hint Answer % Correct
The currency is... Euro
93%
Famous sporting event that was held in Barcelona in 1992 Summer Olympics
85%
Third most populated city Valencia
84%
Largest religion Roman Catholic
81%
Island that Rafael Nadal was born on Mallorca
79%
Year that General Franco died 1975
74%
Spain is Europe's ....... largest country Fourth
72%
After Latin, the language with the largest influence on Spanish is... Arabic
60%
Manager of the National Football Team when it last won the world cup Vicente del Bosque
49%
Everyday (not official) residence of the Spanish King Palace of Zarzuela
33%
No matching quizzes found
Score Distribution
Percent of People with Each Score
Percentile by Number Answered
Your Score History
You have not taken this quiz since the last reset